Traduction de Verbe en Anglais Aléatoire (FR > EN) - Statistiques

Statistiques générales
  • Ce quiz a été pris 4 928 fois
  • Le résultat moyen est 24 sur 30
Statistiques - réponses
French Anglais % Correct
boire drink
94%
manger eat
94%
aider help
94%
ouvrir open
94%
jouer play
94%
courir run
94%
voir see
94%
dormir sleep
94%
parler speak / talk
94%
gagner win
94%
couper cut
93%
avoir have
93%
travailler work
93%
écrire write
93%
être be
92%
fermer close
92%
venir come
92%
aller go
92%
arrêter stop
92%
prendre take
92%
vouloir want
92%
acheter buy
91%
appeler call
91%
choisir choose
91%
faire do
91%
vivre live
91%
lire read
91%
penser think
91%
utiliser use
91%
rêver dream
90%
conduire drive
90%
donner give
90%
marcher walk
90%
changer change
89%
suivre follow
89%
connaître / savoir know
89%
dire say
89%
essayer try
89%
comprendre understand
89%
devenir become
88%
construire build
88%
oublier forget
88%
apprendre learn
88%
rester stay
88%
tomber fall
87%
trouver find
87%
attendre wait
87%
se réveiller wake up
87%
finir finish
86%
rencontrer meet
86%
envoyer send
86%
s'asseoir sit
86%
tourner turn
86%
pouvoir can
85%
payer pay
85%
vendre sell
85%
demander ask
84%
mettre put
84%
expliquer explain
83%
étudier study
83%
enseigner teach
83%
voyager travel
83%
casser break
81%
decider decide
81%
ressentir feel
80%
perdre lose
80%
dire / raconter tell
80%
regarder look
79%
bouger move
79%
montrer show
79%
voler fly
78%
entendre hear
78%
commencer start
78%
répondre answer
77%
entendre hear
77%
laisser / partir / quitter leave
77%
croire believe
75%
sentir smell
75%
parler talk
75%
arriver arrive
74%
commencer begin
74%
faire make
73%
entrer enter
72%
passer pass
71%
dépenser spend
68%
regarder watch
68%
revenir come back
67%
chercher search
67%
promettre promise
65%
apporter bring
64%
s'inquiéter worry
63%
tenir hold
58%
signifier mean
57%
sembler seem
54%
sortir go out
52%
rendre give back
42%
permettre allow
41%
remplir fill
41%
emprunter borrow
40%
reprendre re-take
36%
porter carry
32%
falloir must
30%
paraître appear
13%
devoir owe
5%
Aucun quiz correspondant
Distribution des résultats
% des personnes avec chaque résultat
Percentile par nombre de réponses
Votre historique - résultats
Vous n’avez pas pris ce quiz